Broken wings #1/ V.C. Andrews.
Available copies
- 1 of 1 copy available at LARL/NWRL Consortium.
Current holds
0 current holds with 1 total copy.
Show Only Available Copies
| Location | Call Number / Copy Notes | Barcode | Shelving Location | Status | Due Date |
|---|---|---|---|---|---|
| Greenbush Public Library | ya AND (Text) | 35500003426366 | Main | Available | - |
Record details
- ISBN: 0671039970 (pbk.)
- ISBN: 0671039989
- Physical Description: 454 p. ; 23 cm.
- Publisher: New York, N.Y. : Pocket Books, c2003.
Content descriptions
| Formatted Contents Note: | Robin -- Teal -- Phoebe. |
Search for related items by subject
| Subject: | Young women > Fiction. Juvenile delinquency > Fiction. Young women > Conduct of life > Fiction. Parent and teenager > Fiction. Crime in adolescence > Fiction. |
Search for related items by series
| LDR | 01147cam a2200325Ia 4500 | ||
|---|---|---|---|
| 001 | 48299 | ||
| 003 | LARL_NWRL_CONSORTIUM | ||
| 005 | 20030424130900.0 | ||
| 008 | 030417s2003 nyu 000 1 eng d | ||
| 020 | . | ‡a0671039970 (pbk.) | |
| 020 | . | ‡a0671039989 | |
| 035 | . | ‡a(OCoLC)52081144 | |
| 092 | . | ‡aYA FICTION | |
| 099 | . | ‡aAnd | |
| 100 | 1 | . | ‡aAndrews, V. C. ‡q(Virginia C.) ‡0(LARL_NWRL_CONSORTIUM)63287 |
| 245 | 1 | 0. | ‡aBroken wings ‡n#1/ ‡cV.C. Andrews. |
| 260 | . | ‡aNew York, N.Y. : ‡bPocket Books, ‡cc2003. | |
| 300 | . | ‡a454 p. ; ‡c23 cm. | |
| 490 | 0 | . | ‡aBroken wings ; ‡v1 |
| 505 | 0 | . | ‡aRobin -- Teal -- Phoebe. |
| 650 | 0. | ‡aYoung women ‡vFiction. ‡0(LARL_NWRL_CONSORTIUM)168213 | |
| 650 | 0. | ‡aJuvenile delinquency ‡vFiction. | |
| 650 | 0. | ‡aYoung women ‡xConduct of life ‡vFiction. | |
| 650 | 0. | ‡aParent and teenager ‡vFiction. | |
| 650 | 0. | ‡aCrime in adolescence ‡vFiction. | |
| 901 | . | ‡a48299 ‡bOCLC ‡c48299 ‡tbiblio | |

Add to basket
Permalink
Enable Highlighting